Score 0/20 Timer 03:00
3 Plays Today
Song Word % Correct
Eye of the ______Tiger
96.2%
Livin on a ______Prayer
94.9%
_______ A VirginLike
94.6%
______ Rose Has Its ThornEvery
94.1%
______ Me Up Before you Go-GoWake
93.3%
Every ______ You TakeBreath
93.3%
______ JeanBillie
93%
Sweet ______ (Are Made of This)Dreams
92.2%
Our ______ Are SealedLips
92%
Jessie's ______Girl
86.3%
Song Word % Correct
______ On EileenCome
79.7%
Don't You (______ About Me)Forget
76.7%
When ______ CryDoves
73.2%
Flashdance... What a ______Feeling
69.5%
______ LoveTainted
58.3%
I Can't Go for ______ (No Can Do)That
56.5%
I ______ With YouMelt
31.2%
______ in the SunBlister
28.1%
______ Love TriangleBizarre
14.9%
This ______ ManCharming
13.4%

Today's Daily Dose

Remove Ads.
Support Sporcle.
Get the best of Sporcle when you Go Orange. This ad-free experience offers more features, more stats, and more fun while also helping to support Sporcle. Thank you for becoming a member.

You're not logged in!

Compare scores with friends on all Sporcle quizzes.
OR
Log In

Show Comments

Extras

Top Quizzes Today


Score Distribution

Your Account Isn't Verified!

In order to create a playlist on Sporcle, you need to verify the email address you used during registration. Go to your Sporcle Settings to finish the process.

Report this User

Report this user for behavior that violates our Community Guidelines.

Details: